=LDR 00000nam 2200000 4500 =001 INLIS000000000035454 =005 20130612141316 =008 ***********************************ind** =035 ##$$0010-061300000035454 =041 ##$$a ind =082 ##$$a 551.22 =090 ##$$a 551.22, Pun a =100 ##$$a PURWANTO =245 ##$$a Awas gempa, Purwanto =260 ##$$a 2008 $b Jakarta =300 ##$$a VII, 48 hlm, Ilus, 21 cm =650 ##$$a GEmpa bumi =850 ##$$a NBPNMAT